| 000 | 00547cam a2200229ua 4500 | ||
|---|---|---|---|
| 020 | _c45.75 | ||
| 041 |
_aeng _h |
||
| 082 |
_a028.736 _bGUP/TE |
||
| 100 | _aGupta, Dev R . | ||
| 245 |
_aTechnical dictionary / _cDev R Gupta. _hTextual Documents |
||
| 250 |
_a1 / _b. |
||
| 260 |
_aNew Delhi : _bN H Publication Division , _c1986. |
||
| 300 | _a511 ; . | ||
| 365 | _a45.75 | ||
| 504 | _a | ||
| 942 | _cBK | ||
| 999 |
_c9201 _d9201 |
||